[Event "Porticcio op 3rd"]
[Site "Grosseto Prugna"]
[Date "2016.07.01"]
[Round "9"]
[White "Lalith, Babu MR"]
[Black "Zhigalko, Sergei"]
[Result "0-1"]
[WhiteElo "2579"]
[BlackElo "2653"]
[PlyCount "66"]
[EventDate "2016.06.25"]
[EventType "swiss"]
[EventRounds "9"]
[EventCountry "FRA"]
[SourceTitle "EXT 2017"]
[Source "ChessBase"]
[SourceDate "2016.10.25"]
[SourceVersion "1"]
[SourceVersionDate "2016.10.25"]
[SourceQuality "1"]
[TimeControl "5400+30"]

1. Nf3 {[%emt 0:00:00]} Nf6 {[%emt 0:00:00]} 2. c4 {[%emt 0:00:00]} e6 {[%emt 0:00:00]} 3. d4 {[%emt 0:00:00]} Bb4+ {[%emt 0:01:39]} 4. Nbd2 {[%emt 0:02:41]} O-O {[%emt 0:03:25]} 5. a3 {[%emt 0:00:09]} Bxd2+ {[%emt 0:00:33]} 6. Qxd2 {[%emt 0:00:17]} b6 {[%emt 0:03:48]} 7. e3 {[%emt 0:05:33]} Bb7 {[%emt 0:00:53]} 8. b3 {[%emt 0:00:53]} d6 {[%emt 0:02:10]} 9. Bb2 {[%emt 0:00:10]} Nbd7 {[%emt 0:00:33]} 10. Be2 {[%emt 0:00:07]} c5 {[%emt 0:22:04]} 11. O-O {[%emt 0:01:10]} Ne4 {[%emt 0:06:29]} 12. Qc2 {[%emt 0:06:50]} Ng5 {[%emt 0:06:44]} 13. Nd2 {[%emt 0:01:21]} f5 {[%emt 0:10:30]} 14. f3 {[%emt 0:32:19]} Qe7 {[%emt 0:02:24]} 15. Qc3 {[%emt 0:01:26]} cxd4 {[%emt 0:04:21]} 16. exd4 {[%emt 0:00:18]} e5 {[%emt 0:00:19]} 17. Rfe1 {[%emt 0:04:08]} Ne6 {[%emt 0:00:54]} 18. dxe5 {[%emt 0:01:55]} dxe5 {[%emt 0:00:26]} 19. Bf1 {[%emt 0:02:48]} Rae8 {[%emt 0:05:51]} 20. b4 {[%emt 0:01:24]} h5 {[%emt 0:04:58]} 21. Rad1 {[%emt 0:02:54]} h4 {[%emt 0:03:07]} 22. Qe3 {[%emt 0:07:33]} Nf4 {[%emt 0:01:39]} 23. Nb3 {[%emt 0:01:10]} h3 {[%emt 0:01:43]} 24. g3 {[%emt 0:01:51]} Ng2 {[%emt 0:00:13]} 25. Bxg2 {[%emt 0:01:08]} hxg2 {[%emt 0:00:02]} 26. Qd3 {[%emt 0:07:15]} Rd8 {[%emt 0:01:41]} 27. Qe2 {[%emt 0:06:21]} Qf7 {[%emt 0:07:28]} 28. Nd2 {[%emt 0:01:23]} e4 {[%emt 0:00:17]} 29. fxe4 {[%emt 0:00:39]} fxe4 {[%emt 0:00:22]} 30. Bd4 {[%emt 0:05:30]} Nc5 {[%emt 0:02:03]} 31. Qe3 {[%emt 0:01:34]} Nd3 {[%emt 0:00:59]} 32. Re2 {[%emt 0:00:06]} Qh5 {[%emt 0:01:23]} 33. Bc3 {[%emt 0:02:22]} Nf2 {[%emt 0:01:54]} 0-1

[Event "Warsaw Najdorf Memorial op-A 14th"]
[Site "Warsaw"]
[Date "2016.07.09"]
[Round "2"]
[White "Tabatabaei, Mohammad Amin"]
[Black "Zhigalko, Sergei"]
[Result "1/2-1/2"]
[WhiteElo "2481"]
[BlackElo "2653"]
[PlyCount "229"]
[EventDate "2016.07.08"]
[EventType "swiss"]
[EventRounds "9"]
[EventCountry "POL"]
[SourceTitle "CBM 173 Extra"]
[Source "ChessBase"]
[SourceDate "2016.08.29"]
[SourceVersion "1"]
[SourceVersionDate "2016.08.29"]
[SourceQuality "1"]

1. e4 c5 2. Nf3 d6 3. Bb5+ Nd7 4. a4 Ngf6 5. d3 a6 6. Bc4 e6 7. O-O b6 8. Nc3 Bb7 9. Re1 Be7 10. h3 O-O 11. Bf4 Qc7 12. Qe2 Rfe8 13. Bg3 h6 14. Qe3 Qc6 15. Ba2 Bf8 16. d4 cxd4 17. Nxd4 Qc5 18. Rad1 Qb4 19. Nb3 e5 20. Re2 Nh5 21. Nd2 Rac8 22. Rb1 Ndf6 23. Bh2 Nf4 24. Bxf4 exf4 25. Qd3 Nd7 26. Nd5 Qxa4 27. Bb3 Qc6 28. Qf3 Nc5 29. Bc4 b5 30. Ba2 Ne6 31. c3 a5 32. Nxf4 b4 33. Qg4 Nxf4 34. Qxf4 Qd7 35. cxb4 axb4 36. Nf3 g5 37. Qd2 Rxe4 38. Rbe1 Rxe2 39. Qxe2 Bg7 40. Qe7 Qxe7 41. Rxe7 Rc1+ 42. Kh2 Bxf3 43. gxf3 Rc2 44. Bxf7+ Kf8 45. Rb7 Be5+ 46. Kg2 Rxb2 47. Be6 Ke8 48. Rh7 Rb1 49. Rb7 Bf4 50. Bf5 Rb2 51. Be6 Be5 52. Rh7 Bd4 53. Kg3 Bxf2+ 54. Kg4 Bd4 55. Rxh6 b3 56. Bxb3 Rxb3 57. Rxd6 Bc5 58. Re6+ Be7 59. Re4 Kf7 60. f4 Rb5 61. fxg5 Rxg5+ 62. Kf3 Bf6 63. Rc4 Ra5 64. Rc2 Ra3+ 65. Ke2 Rxh3 66. Rc7+ Ke6 67. Rc6+ Kf5 68. Rc4 Ke5 69. Rc6 Be7 70. Rc4 Kd5 71. Rc2 Bc5 72. Kd2 Bd4 73. Ke2 Ke4 74. Kd2 Rh1 75. Ke2 Rg1 76. Kd2 Ra1 77. Ke2 Ra3 78. Kd2 Be3+ 79. Ke2 Bf4 80. Rc4+ Kf5 81. Kd1 Rh3 82. Ke2 Ke5 83. Rc5+ Kd4 84. Rc2 Be3 85. Kd1 Kd3 86. Rd2+ Ke4 87. Rc2 Kf3 88. Ra2 Ke4 89. Rc2 Rg3 90. Ke2 Bd4 91. Kd2 Ra3 92. Rc4 Ra2+ 93. Rc2 Be3+ 94. Kd1 Ra3 95. Ke2 Bd4 96. Kd2 Rh3 97. Ke2 Bc3 98. Kd1 Kd3 99. Rd2+ Kc4 100. Rg2 Re3 101. Re2 Rd3+ 102. Kc2 Bd4 103. Re4 Ra3 104. Re2 Ra1 105. Kd2 Ra3 106. Kc2 Be3 107. Kd1 Kd4 108. Rc2 Kd3 109. Rd2+ Ke4 110. Rb2 Rc3 111. Rc2 Ra3 112. Ke2 Bd4 113. Kd2 Re3 114. Rc4 Rh3 115. Rc2 1/2-1/2

[Event "TUR-chT"]
[Site "Izmir"]
[Date "2016.07.25"]
[Round "1.1"]
[White "Cheparinov, Ivan"]
[Black "Zhigalko, Sergei"]
[Result "1-0"]
[WhiteElo "2688"]
[BlackElo "2653"]
[PlyCount "126"]
[EventDate "2016.07.25"]
[EventType "team-swiss"]
[EventRounds "13"]
[EventCountry "TUR"]
[SourceTitle "CBM 173 Extra"]
[Source "ChessBase"]
[SourceDate "2016.08.29"]
[SourceVersion "1"]
[SourceVersionDate "2016.08.29"]
[SourceQuality "1"]
[WhiteTeam "Turk Hava Yollari"]
[BlackTeam "Maras Spor Dernegi"]
[WhiteTeamCountry "TUR"]
[BlackTeamCountry "TUR"]

1. d4 Nf6 2. c4 e6 3. Nf3 b6 4. g3 Bb4+ 5. Bd2 Bxd2+ 6. Qxd2 Ba6 7. b3 O-O 8. Bg2 d5 9. cxd5 Ne4 10. Qb2 exd5 11. O-O Re8 12. Re1 c5 13. dxc5 bxc5 14. Nbd2 Nd7 15. Rac1 Nef6 16. e3 Qb6 17. Qc2 Bb7 18. e4 dxe4 19. Ng5 h6 20. Ndxe4 Nxe4 21. Nxe4 Ne5 22. Rcd1 Nc6 23. Rd7 Rad8 24. Rxd8 Rxd8 25. Qxc5 Nd4 26. Qxb6 axb6 27. Nf6+ gxf6 28. Bxb7 Rd7 29. Bg2 Kg7 30. Kf1 Nc2 31. Rc1 Rd2 32. a4 f5 33. Bf3 Nb4 34. Be2 Rb2 35. Bc4 Nc2 36. Rd1 Na3 37. Bd5 Nb1 38. Rd3 Nd2+ 39. Ke1 Ne4 40. f3 Nc5 41. Rc3 Na6 42. h4 Nb4 43. Bc4 f4 44. gxf4 h5 45. Kf1 Rh2 46. Re3 Rxh4 47. Re4 Rh1+ 48. Kg2 Rd1 49. Re7 Nd5 50. Bxd5 Rxd5 51. Re5 Ra5 52. Re4 Rf5 53. Rb4 Rf6 54. Kg3 Kg6 55. Rb5 Rd6 56. Rg5+ Kh6 57. Kh4 Rd4 58. Rxh5+ Kg6 59. Rg5+ Kh6 60. Kg4 Rd6 61. Rb5 Kg6 62. f5+ Kh6 63. Kf4 f6 1-0

[Event "TUR-chT"]
[Site "Izmir"]
[Date "2016.07.26"]
[Round "2.1"]
[White "Zhigalko, Sergei"]
[Black "Can, Emre"]
[Result "1-0"]
[WhiteElo "2653"]
[BlackElo "2571"]
[PlyCount "79"]
[EventDate "2016.07.25"]
[EventType "team-swiss"]
[EventRounds "13"]
[EventCountry "TUR"]
[SourceTitle "CBM 173 Extra"]
[Source "ChessBase"]
[SourceDate "2016.08.29"]
[SourceVersion "1"]
[SourceVersionDate "2016.08.29"]
[SourceQuality "1"]
[WhiteTeam "Maras Spor Dernegi"]
[BlackTeam "Istanbul Teknik Uni"]
[WhiteTeamCountry "TUR"]
[BlackTeamCountry "TUR"]

1. e4 d6 2. d4 Nf6 3. Nc3 e5 4. Nf3 Nbd7 5. Bc4 Be7 6. a4 O-O 7. O-O c6 8. Re1 a5 9. b3 Nb6 10. Bf1 exd4 11. Nxd4 d5 12. e5 Ne8 13. Nce2 g6 14. Nf4 Ng7 15. Bb2 Be6 16. g3 Re8 17. h4 Nd7 18. h5 Nf8 19. Bd3 Bg5 20. Nfxe6 Ngxe6 21. Nxe6 Nxe6 22. hxg6 hxg6 23. f4 Bh6 24. Qg4 Bg7 25. Rad1 Nc5 26. Bf1 Qc8 27. Qh4 Qd8 28. Qg4 Qc8 29. Qf3 Qf5 30. Re2 g5 31. Rh2 Qe4 32. Qf2 b6 33. Re1 Qf5 34. Rh5 Ne4 35. Rxe4 Qxe4 36. Rxg5 Rad8 37. Bd3 Qb4 38. f5 Kf8 39. f6 Bh6 40. Rh5 1-0

[Event "TUR-chT"]
[Site "Izmir"]
[Date "2016.07.27"]
[Round "3.1"]
[White "Kuzubov, Yuriy"]
[Black "Zhigalko, Sergei"]
[Result "1/2-1/2"]
[WhiteElo "2635"]
[BlackElo "2653"]
[PlyCount "67"]
[EventDate "2016.07.25"]
[EventType "team-swiss"]
[EventRounds "13"]
[EventCountry "TUR"]
[SourceTitle "CBM 173 Extra"]
[Source "ChessBase"]
[SourceDate "2016.08.29"]
[SourceVersion "1"]
[SourceVersionDate "2016.08.29"]
[SourceQuality "1"]
[WhiteTeam "Tarsus Zeka"]
[BlackTeam "Maras Spor Dernegi"]
[WhiteTeamCountry "TUR"]
[BlackTeamCountry "TUR"]

1. Nf3 Nf6 2. c4 e6 3. g3 b6 4. Bg2 Bb7 5. O-O c5 6. Nc3 Be7 7. Re1 Ne4 8. Nxe4 Bxe4 9. d3 Bb7 10. e4 Nc6 11. d4 Nxd4 12. Nxd4 cxd4 13. Qxd4 O-O 14. Bf4 Bc5 15. Qd2 Qe7 16. Red1 e5 17. Bg5 f6 18. Be3 d6 19. a4 Qf7 20. b3 Rad8 21. a5 Bc8 22. axb6 axb6 23. Ra2 Bg4 24. Rda1 h6 25. h3 Be6 26. Ra6 Rd7 27. Kh2 Rb8 28. Bf1 Rc7 29. Be2 Kh7 30. h4 Bc8 31. R6a2 Be6 32. Ra6 Bc8 33. R6a2 Be6 34. Ra6 1/2-1/2

[Event "TUR-chT"]
[Site "Izmir"]
[Date "2016.07.28"]
[Round "4.1"]
[White "Zhigalko, Sergei"]
[Black "Annaberdiyev, Babageldi"]
[Result "1-0"]
[WhiteElo "2653"]
[BlackElo "2242"]
[PlyCount "65"]
[EventDate "2016.07.25"]
[EventType "team-swiss"]
[EventRounds "13"]
[EventCountry "TUR"]
[SourceTitle "CBM 173 Extra"]
[Source "ChessBase"]
[SourceDate "2016.08.29"]
[SourceVersion "1"]
[SourceVersionDate "2016.08.29"]
[SourceQuality "1"]
[WhiteTeam "Maras Spor Dernegi"]
[BlackTeam "Akdeniz Vida Metal"]
[WhiteTeamCountry "TUR"]
[BlackTeamCountry "TUR"]

1. e4 c5 2. Nf3 d6 3. d4 cxd4 4. Nxd4 Nf6 5. Nc3 g6 6. Be3 Bg7 7. f3 O-O 8. Qd2 Nc6 9. Bc4 Bd7 10. O-O-O Ne5 11. Bb3 Rc8 12. Kb1 Re8 13. h4 h5 14. g4 hxg4 15. h5 Nxh5 16. Rdg1 Rxc3 17. bxc3 Qc8 18. Bh6 Bf6 19. f4 Nc4 20. Qd3 Na5 21. f5 Nxb3 22. axb3 Ng7 23. Rxg4 e5 24. Qh3 Kf8 25. Bg5 Bxg5 26. Rxg5 exd4 27. Qh8+ Ke7 28. Qxg7 gxf5 29. Rg6 Rf8 30. Qf6+ Ke8 31. Rh8 Rxh8 32. Qxh8+ Ke7 33. Qf6+ 1-0

[Event "TUR-chT"]
[Site "Izmir"]
[Date "2016.07.29"]
[Round "5.1"]
[White "Rakhmanov, Alexander"]
[Black "Zhigalko, Sergei"]
[Result "1/2-1/2"]
[WhiteElo "2653"]
[BlackElo "2653"]
[PlyCount "57"]
[EventDate "2016.07.25"]
[EventType "team-swiss"]
[EventRounds "13"]
[EventCountry "TUR"]
[SourceTitle "CBM 173 Extra"]
[Source "ChessBase"]
[SourceDate "2016.08.29"]
[SourceVersion "1"]
[SourceVersionDate "2016.08.29"]
[SourceQuality "1"]
[WhiteTeam "Tas Duvar"]
[BlackTeam "Maras Spor Dernegi"]
[WhiteTeamCountry "TUR"]
[BlackTeamCountry "TUR"]

1. Nf3 Nf6 2. c4 e6 3. b3 d5 4. Bb2 c5 5. cxd5 exd5 6. g3 Nc6 7. Bg2 d4 8. O-O Be7 9. e3 d3 10. Na3 O-O 11. Nc4 Be6 12. Nfe5 Nxe5 13. Nxe5 Bd5 14. f3 b5 15. Nxd3 Qb6 16. Nf2 Rfd8 17. Qe2 Bb7 18. e4 a5 19. f4 a4 20. Bxf6 Bxf6 21. e5 Be7 22. d3 f5 23. Rab1 Rd4 24. Bf3 h6 25. Bxb7 Qxb7 26. Qh5 Qd7 27. Qg6 Rf8 28. Rb2 Kh8 29. Qh5 1/2-1/2

[Event "TUR-chT"]
[Site "Izmir"]
[Date "2016.07.29"]
[Round "6.2"]
[White "Zhigalko, Sergei"]
[Black "Ivanchuk, Vassily"]
[Result "1-0"]
[WhiteElo "2653"]
[BlackElo "2728"]
[PlyCount "79"]
[EventDate "2016.07.25"]
[EventType "team-swiss"]
[EventRounds "13"]
[EventCountry "TUR"]
[SourceTitle "CBM 173 Extra"]
[Source "ChessBase"]
[SourceDate "2016.08.29"]
[SourceVersion "1"]
[SourceVersionDate "2016.08.29"]
[SourceQuality "1"]
[WhiteTeam "Maras Spor Dernegi"]
[BlackTeam "Hatay Buyuksehir"]
[WhiteTeamCountry "TUR"]
[BlackTeamCountry "TUR"]

1. e4 c5 2. Nf3 e6 3. c3 d5 4. exd5 exd5 5. d4 Nc6 6. Bb5 Bd6 7. O-O Nge7 8. dxc5 Bxc5 9. Nbd2 a6 10. Nb3 Bd6 11. Bxc6+ bxc6 12. Qd4 O-O 13. Bf4 Nf5 14. Qa4 Rb8 15. Rad1 Qc7 16. Bxd6 Nxd6 17. Qf4 Be6 18. Rfe1 c5 19. Ng5 Rfe8 20. c4 dxc4 21. Nxe6 Rxe6 22. Rxe6 fxe6 23. Nd2 Rd8 24. Nf1 Qf7 25. Qe3 Qf5 26. Ng3 Qf6 27. Qxc5 Nb5 28. Rxd8+ Qxd8 29. Qxc4 Qd1+ 30. Qf1 Qc2 31. h3 Qxb2 32. Qc4 Kf7 33. a4 Nc3 34. Qc7+ Kg6 35. Qe5 Kf7 36. Qc7+ Kg6 37. Qe5 Kf7 38. Kh2 Qb4 39. Nh5 Ke7 40. Qc7+ 1-0

[Event "TUR-chT"]
[Site "Izmir"]
[Date "2016.07.30"]
[Round "7.4"]
[White "Melkumyan, Hrant"]
[Black "Zhigalko, Sergei"]
[Result "1/2-1/2"]
[WhiteElo "2640"]
[BlackElo "2653"]
[PlyCount "36"]
[EventDate "2016.07.25"]
[EventType "team-swiss"]
[EventRounds "13"]
[EventCountry "TUR"]
[SourceTitle "CBM 173 Extra"]
[Source "ChessBase"]
[SourceDate "2016.08.29"]
[SourceVersion "1"]
[SourceVersionDate "2016.08.29"]
[SourceQuality "1"]
[WhiteTeam "Bogazici Universitesi"]
[BlackTeam "Maras Spor Dernegi"]
[WhiteTeamCountry "TUR"]
[BlackTeamCountry "TUR"]

1. Nf3 Nf6 2. c4 e6 3. Nc3 Bb4 4. Qc2 O-O 5. a3 Bxc3 6. Qxc3 a5 7. g3 a4 8. d3 d6 9. Bg2 e5 10. O-O h6 11. h3 Re8 12. Be3 c5 13. b4 axb3 14. Qxb3 Nc6 15. Nd2 Nd4 16. Bxd4 exd4 17. Rfe1 Qa5 18. Nf1 Ra7 1/2-1/2

[Event "TUR-chT"]
[Site "Izmir"]
[Date "2016.07.31"]
[Round "8.1"]
[White "Zhigalko, Sergei"]
[Black "Solak, Dragan"]
[Result "1/2-1/2"]
[WhiteElo "2653"]
[BlackElo "2633"]
[PlyCount "47"]
[EventDate "2016.07.25"]
[EventType "team-swiss"]
[EventRounds "13"]
[EventCountry "TUR"]
[SourceTitle "CBM 173 Extra"]
[Source "ChessBase"]
[SourceDate "2016.08.29"]
[SourceVersion "1"]
[SourceVersionDate "2016.08.29"]
[SourceQuality "1"]
[WhiteTeam "Maras Spor Dernegi"]
[BlackTeam "Besiktas Jimnastik"]
[WhiteTeamCountry "TUR"]
[BlackTeamCountry "TUR"]

1. e4 c6 2. d4 d5 3. e5 Bf5 4. Nf3 e6 5. Be2 Bg6 6. O-O Nd7 7. Nbd2 Nh6 8. c4 Be7 9. cxd5 cxd5 10. Nb3 O-O 11. Bxh6 gxh6 12. Qd2 Kg7 13. Bb5 a6 14. Bxd7 Qxd7 15. Nc5 Qc8 16. Rac1 b6 17. Ne4 Qd8 18. Ng3 Qd7 19. h4 h5 20. Ne2 Rfc8 21. Nf4 Rxc1 22. Rxc1 Rc8 23. g3 Rc6 24. Ne1 1/2-1/2

[Event "TUR-chT"]
[Site "Izmir"]
[Date "2016.08.02"]
[Round "9.7"]
[White "Albay, Koraycan"]
[Black "Zhigalko, Sergei"]
[Result "0-1"]
[WhiteElo "1796"]
[BlackElo "2653"]
[PlyCount "60"]
[EventDate "2016.07.25"]
[EventType "team-swiss"]
[EventRounds "13"]
[EventCountry "TUR"]
[SourceTitle "CBM 173 Extra"]
[Source "ChessBase"]
[SourceDate "2016.08.29"]
[SourceVersion "1"]
[SourceVersionDate "2016.08.29"]
[SourceQuality "1"]
[WhiteTeam "Kocaeli Buyuksehir Belediyesi"]
[BlackTeam "Maras Spor Dernegi"]
[WhiteTeamCountry "TUR"]
[BlackTeamCountry "TUR"]

1. d4 Nf6 2. c4 e6 3. Nf3 b6 4. g3 Bb7 5. Bg2 Be7 6. O-O O-O 7. Nc3 Ne4 8. Nxe4 Bxe4 9. Ne1 d5 10. f3 Bg6 11. cxd5 exd5 12. Nd3 Re8 13. Nf4 Nc6 14. Nxg6 hxg6 15. Be3 Bg5 16. Bf2 Be3 17. Qd3 Qe7 18. Rfd1 Bxf2+ 19. Kxf2 Rad8 20. Bf1 Nb4 21. Qb3 c5 22. dxc5 Qxc5+ 23. Kg2 Nc2 24. Rac1 Ne3+ 25. Kh1 Qa5 26. Re1 Nxf1 27. Rxf1 Rxe2 28. Rc3 d4 29. Rc7 Qf5 30. Kg1 d3 0-1

[Event "TUR-chT"]
[Site "Izmir"]
[Date "2016.08.03"]
[Round "10.2"]
[White "Zhigalko, Sergei"]
[Black "Savchenko, Boris"]
[Result "0-1"]
[WhiteElo "2653"]
[BlackElo "2633"]
[PlyCount "98"]
[EventDate "2016.07.25"]
[EventType "team-swiss"]
[EventRounds "13"]
[EventCountry "TUR"]
[SourceTitle "CBM 173 Extra"]
[Source "ChessBase"]
[SourceDate "2016.08.29"]
[SourceVersion "1"]
[SourceVersionDate "2016.08.29"]
[SourceQuality "1"]
[WhiteTeam "Maras Spor Dernegi"]
[BlackTeam "TS Alyans"]
[WhiteTeamCountry "TUR"]
[BlackTeamCountry "TUR"]

1. e4 e6 2. d4 d5 3. e5 c5 4. c3 Nc6 5. Nf3 Bd7 6. Be2 f6 7. O-O fxe5 8. dxe5 Nh6 9. c4 d4 10. Bxh6 gxh6 11. Re1 Ne7 12. b4 cxb4 13. Qxd4 Rg8 14. Nbd2 Bc6 15. Qf4 Ng6 16. Qg4 Qe7 17. Nd4 O-O-O 18. Nxc6 bxc6 19. Ne4 h5 20. Qg3 Bg7 21. Nf6 Bxf6 22. exf6 Qxf6 23. Qf3 Qxf3 24. Bxf3 Nf4 25. Bxc6 Rd2 26. Kf1 Rgd8 27. Bf3 R8d3 28. Re4 Rd4 29. Rxd4 Rxd4 30. g3 Ng6 31. Bxh5 a5 32. c5 Rd2 33. h4 Ne5 34. Be2 Kc7 35. a4 Rc2 36. f4 Nc4 37. Ke1 b3 38. Rb1 Nd2 39. Rd1 b2 40. Bd3 Nf3+ 41. Kf1 Rc1 42. Ke2 Nd4+ 43. Kd2 h5 44. Bb1 Nb3+ 45. Ke2 Kc6 46. g4 hxg4 47. h5 g3 48. h6 Rxd1 49. Kxd1 g2 0-1

[Event "TUR-chT"]
[Site "Izmir"]
[Date "2016.08.03"]
[Round "11.4"]
[White "Mamedov, Nidjat"]
[Black "Zhigalko, Sergei"]
[Result "1/2-1/2"]
[WhiteElo "2588"]
[BlackElo "2653"]
[PlyCount "69"]
[EventDate "2016.07.25"]
[EventType "team-swiss"]
[EventRounds "13"]
[EventCountry "TUR"]
[SourceTitle "CBM 173 Extra"]
[Source "ChessBase"]
[SourceDate "2016.08.29"]
[SourceVersion "1"]
[SourceVersionDate "2016.08.29"]
[SourceQuality "1"]
[WhiteTeam "Onur Koleji Genc"]
[BlackTeam "Maras Spor Dernegi"]
[WhiteTeamCountry "TUR"]
[BlackTeamCountry "TUR"]

1. e4 c5 2. Nf3 Nc6 3. d4 cxd4 4. Nxd4 Nf6 5. Nc3 e5 6. Ndb5 d6 7. Bg5 a6 8. Na3 b5 9. Bxf6 gxf6 10. Nd5 f5 11. c3 Bg7 12. exf5 Bxf5 13. Nc2 Be6 14. g3 O-O 15. Bg2 a5 16. O-O Rb8 17. Qd2 Qd7 18. Rad1 Kh8 19. Rfe1 f5 20. Nf4 exf4 21. Bxc6 Qxc6 22. Nd4 Qd5 23. Nxe6 Qxd2 24. Rxd2 Rfe8 25. gxf4 b4 26. Rxd6 bxc3 27. bxc3 Bxc3 28. Re3 Bb4 29. Ra6 Bd2 30. Rd3 Rb2 31. Rd7 Be1 32. Re7 Bxf2+ 33. Kf1 Reb8 34. Ng5 Bb6 35. Nf7+ 1/2-1/2

[Event "TUR-chT"]
[Site "Izmir"]
[Date "2016.08.04"]
[Round "12.1"]
[White "Zhigalko, Sergei"]
[Black "Moiseenko, Alexander"]
[Result "1/2-1/2"]
[WhiteElo "2653"]
[BlackElo "2649"]
[PlyCount "39"]
[EventDate "2016.07.25"]
[EventType "team-swiss"]
[EventRounds "13"]
[EventCountry "TUR"]
[SourceTitle "CBM 173 Extra"]
[Source "ChessBase"]
[SourceDate "2016.08.29"]
[SourceVersion "1"]
[SourceVersionDate "2016.08.29"]
[SourceQuality "1"]
[WhiteTeam "Maras Spor Dernegi"]
[BlackTeam "Kayseri Seker"]
[WhiteTeamCountry "TUR"]
[BlackTeamCountry "TUR"]

1. e4 c5 2. Nf3 Nc6 3. Bb5 g6 4. Bxc6 bxc6 5. O-O Bg7 6. Re1 Nh6 7. c3 O-O 8. h3 d5 9. d3 c4 10. exd5 cxd5 11. dxc4 dxc4 12. Qxd8 Rxd8 13. Na3 Bb7 14. Bxh6 Bxh6 15. Rxe7 Bxf3 16. gxf3 Bf8 17. Rc7 Bxa3 18. bxa3 Rd3 19. Rxc4 Re8 20. Kg2 1/2-1/2

[Event "TUR-chT"]
[Site "Izmir"]
[Date "2016.08.05"]
[Round "13.3"]
[White "Inarkiev, Ernesto"]
[Black "Zhigalko, Sergei"]
[Result "1-0"]
[WhiteElo "2730"]
[BlackElo "2653"]
[PlyCount "77"]
[EventDate "2016.07.25"]
[EventType "team-swiss"]
[EventRounds "13"]
[EventCountry "TUR"]
[SourceTitle "CBM 173 Extra"]
[Source "ChessBase"]
[SourceDate "2016.08.29"]
[SourceVersion "1"]
[SourceVersionDate "2016.08.29"]
[SourceQuality "1"]
[WhiteTeam "Deniz Su Aquamatch"]
[BlackTeam "Maras Spor Dernegi"]
[WhiteTeamCountry "TUR"]
[BlackTeamCountry "TUR"]

1. d4 Nf6 2. c4 e6 3. Nc3 Bb4 4. Qc2 O-O 5. a3 Bxc3+ 6. Qxc3 d6 7. Bg5 Nbd7 8. f3 h6 9. Bh4 e5 10. e3 Re8 11. Ne2 e4 12. O-O-O c6 13. Qd2 d5 14. Nc3 dxc4 15. Bxc4 Nb6 16. Bb3 g5 17. Bg3 Nbd5 18. h4 g4 19. Bxd5 cxd5 20. Be5 Be6 21. fxe4 Nxe4 22. Nxe4 dxe4 23. d5 Bd7 24. Bc3 Bb5 25. Qd4 f6 26. d6 Re6 27. d7 Bd3 28. Rxd3 exd3 29. Qxg4+ Kf7 30. Qh5+ Ke7 31. Bb4+ Rd6 32. Qd5 Qb6 33. Qxd3 Kxd7 34. Qf5+ Re6 35. Rd1+ Kc8 36. Bc5 Qb3 37. Rd6 Qc4+ 38. Kd2 Kc7 39. Qxe6 1-0

[Event "Bayern-chI Bank Hofmann 20th"]
[Site "Bad Wiessee"]
[Date "2016.10.29"]
[Round "1"]
[White "Zhigalko, Sergei"]
[Black "Kraft, Tom"]
[Result "1-0"]
[WhiteElo "2669"]
[BlackElo "1967"]
[PlyCount "47"]
[EventDate "2016.10.29"]
[EventType "swiss"]
[EventRounds "9"]
[EventCountry "GER"]
[SourceTitle "CBM 175 Extra"]
[Source "ChessBase"]
[SourceDate "2016.12.12"]
[SourceVersion "1"]
[SourceVersionDate "2016.12.12"]
[SourceQuality "1"]

1. e4 e6 2. d4 d5 3. e5 c5 4. c3 Nc6 5. Nf3 Qb6 6. a3 c4 7. Nbd2 f6 8. Be2 fxe5 9. dxe5 Bd7 10. O-O Nh6 11. b3 cxb3 12. Nxb3 Nf7 13. c4 dxc4 14. Bxc4 Na5 15. Be3 Qc7 16. Nxa5 Qxa5 17. Qb3 Nxe5 18. Nxe5 Qxe5 19. Rad1 b6 20. Rfe1 Bd6 21. g3 Qa5 22. Qd3 O-O 23. Qxd6 Ba4 24. Rc1 1-0

[Event "Bayern-chI Bank Hofmann 20th"]
[Site "Bad Wiessee"]
[Date "2016.10.30"]
[Round "2"]
[White "Leeb, Simon"]
[Black "Zhigalko, Sergei"]
[Result "0-1"]
[WhiteElo "2122"]
[BlackElo "2669"]
[PlyCount "60"]
[EventDate "2016.10.29"]
[EventType "swiss"]
[EventRounds "9"]
[EventCountry "GER"]
[SourceTitle "CBM 175 Extra"]
[Source "ChessBase"]
[SourceDate "2016.12.12"]
[SourceVersion "1"]
[SourceVersionDate "2016.12.12"]
[SourceQuality "1"]

1. d4 Nf6 2. c4 e6 3. Nf3 b6 4. a3 Ba6 5. Qc2 Bb7 6. Nc3 c5 7. dxc5 bxc5 8. Bf4 Nh5 9. Be3 Nc6 10. g4 Nf6 11. g5 Ng4 12. Bf4 Nge5 13. Nb5 a6 14. Nxe5 axb5 15. Nxc6 Bxc6 16. e4 b4 17. Bg2 Be7 18. h4 bxa3 19. Rxa3 Rxa3 20. bxa3 O-O 21. O-O f6 22. Qd2 fxg5 23. hxg5 Qa8 24. Qe3 Qa4 25. Rc1 Ra8 26. Rc3 Qd1+ 27. Kh2 Rf8 28. Qg3 Qd4 29. g6 Rxf4 30. gxh7+ Kh8 0-1

[Event "Bayern-chI Bank Hofmann 20th"]
[Site "Bad Wiessee"]
[Date "2016.10.31"]
[Round "3"]
[White "Zhigalko, Sergei"]
[Black "Singer, Christoph"]
[Result "1/2-1/2"]
[WhiteElo "2669"]
[BlackElo "2254"]
[PlyCount "96"]
[EventDate "2016.10.29"]
[EventType "swiss"]
[EventRounds "9"]
[EventCountry "GER"]
[SourceTitle "CBM 175 Extra"]
[Source "ChessBase"]
[SourceDate "2016.12.12"]
[SourceVersion "1"]
[SourceVersionDate "2016.12.12"]
[SourceQuality "1"]

1. e4 e5 2. Nf3 Nc6 3. Bb5 Nf6 4. O-O Nxe4 5. d4 Be7 6. d5 Nd6 7. Nc3 Nxb5 8. Nxb5 a6 9. Nc3 Nb8 10. Nxe5 d6 11. Nd3 Bf5 12. Qf3 Bg6 13. Ne2 Nd7 14. Nef4 Bxd3 15. Nxd3 O-O 16. Re1 Nc5 17. Nxc5 dxc5 18. Bd2 Bd6 19. Bc3 Re8 20. Qg4 Bf8 21. Rxe8 Qxe8 22. Re1 Qc8 23. Qf3 Qd7 24. h4 Re8 25. Re4 Rxe4 26. Qxe4 Qe7 27. Qg4 Qd6 28. Qf5 c6 29. dxc6 Qxc6 30. h5 Qd6 31. g3 b5 32. b3 h6 33. Kg2 Qc6+ 34. Qf3 Qe6 35. Bd2 Be7 36. Be3 c4 37. Bd4 Kh7 38. bxc4 bxc4 39. c3 Bg5 40. Qb7 Bf6 41. Bxf6 gxf6 42. a4 Kg7 43. a5 Qe5 44. Qxa6 Qd5+ 45. Kg1 Qd1+ 46. Kg2 Qd5+ 47. Kg1 Qd1+ 48. Kg2 Qd5+ 1/2-1/2